• 首页
  • 本馆介绍
  • 公告通知
  • 最新文献
  • 馆藏检索
  • 电子资源
  • 读者导购
  • 参考咨询
  • 我的图书馆
  • 登录
  • 详细信息显示
  • 放入我的书架
  • 预约/预借图书
  • 作者相关作品
  • 分类相关作品
  • 丛书相关作品
  • 出版社相关作品

书目信息

  • 表格格式
  • 工作单格式
  • 卡片格式
题名:
果壳中的宇宙
    
 
作者: 霍金 著 ;吴忠超 译
分册:  
出版信息: 长沙   湖南科学技术出版社  2002
页数: 201页
开本: 23cm
丛书名:
单 册:
中图分类: P159.2
科图分类:
主题词: 宇宙学--普及读物 , 相对论--宇宙学
电子资源:
ISBN: 7-5357-3359-X
000 01063nam0 2200337 450
000 01026nam0 2200325 450
000 01009nam0 2200313 450
000 00971nam0 2200301 45
001 012002038596
005 20060116094301.31
010    @a7-5357-3359-X@dCNY42.00
035    @a(011001)c2002032187
092    @aCN
100    @a20020509d2002 em y0chiy0110 ea
101 1  @achi@ceng
102    @aCN@b430000
105    @aa z 000yy
200 1  @a果壳中的宇宙@9guo ke zhong de yu zhou@f(英)
210    @a长沙@c湖南科学技术出版社@d2002
215    @a201页@c插图@d23cm
305    @a台湾博达著作权代理公司授权出版
330    @a本书作者霍金把我们带到理论物理的最前沿,他利用通俗的语言解释制约我们宇宙的原理。
510 1  @aThe Universe in a Nutshell@zeng
606 0  @a宇宙学@j普及读物
606 0  @a相对论@x宇宙学
690    @aP159.2@v4
701  0 @a霍金@Ahuo jin@4著
702  0 @a吴忠超@9wu zhong chao@4译
801  0 @aCN@bTSSF@c20060116
905    @a10447@dP159.2@e89
    
    果壳中的宇宙/(英).-长沙:湖南科学技术出版社,2002
    201页:插图;23cm
    
    
    ISBN 7-5357-3359-X:CNY42.00
    本书作者霍金把我们带到理论物理的最前沿,他利用通俗的语言解释制约我们宇宙的原理。
●
相关链接 在E读中查询图书 在五车中查询图书 在当当中查询图书 在豆瓣中查询图书


正题名:果壳中的宇宙     索取号:P159.2/89         预约/预借

序号 登录号 条形码 馆藏地/架位号 状态 备注
1 0337961   203379619   第二样本阅览室/ [索取号:P159.2/89] 在馆    
2 0337962   203379628   第三借阅区/ [索取号:P159.2/89] 在馆    
3 0337963   203379637   第三借阅区/ [索取号:P159.2/89] 在馆    
4 0337964   203379646   第三借阅区/ [索取号:P159.2/89] 在馆    
5 0337965   203379655   第三借阅区/ [索取号:P159.2/89] 在馆    
唐山师范学院图书馆 欢迎您!
大连网信软件有限公司© 版权所有